Statystyki dla 15 krajów o największej liczbie zgonów Covid19 - 17 grudnia

Kliknij tutaj aby rozwiązać quiz!

Ogólne statystyki

  • Ten quiz został rozwiązany 23 razy
  • Średni wynik to 12 z 22

Statystyki odpowiedzi

kraj% Poprawnych
Polska
100%
Stany Zjednoczone
100%
Francja
95%
Włochy
95%
Hiszpania
86%
Rosja
86%
Niemcy
81%
Brazylia
76%
Meksyk
76%
Argentyna
71%
Indie
67%
Wielka Brytania
67%
Belgia
43%
Peru
38%
Iran
33%
Czechy
29%
Kolumbia
29%
Bułgaria
19%
Słowenia
19%
Armenia
10%
Bośnia i Hercegowina
10%
Macedonia Północna
10%

Rozkład punktacji

Percentyl według liczby udzielonych odpowiedzi

Procent ludzi z każdym wynikiem

Twoja historia wyników

Nie rozwiązałeś tego quizu